The theory and practice of argumentation and debate

Saved in:
Bibliographic Details
Main Author Ketcham, Victor Alvin, 1883-1947 (Author)
Format Book
LanguageEnglish
Published [Spojené státy americké?] : Zinc Read, [2025]
Subjects
ISBN978-93-7132-396-3
Physical Descriptionv, 209 stran : ilustrace ; 22 cm

Cover

LEADER 00000nam a2200000 i 4500
001 115630
003 CZ ZlUTB
005 20260511103942.0
007 ta
008 260511t20252025xxua e p 000 0 eng d
020 |a 978-93-7132-396-3  |q (brožováno) 
040 |a ZLD002  |b cze  |e rda 
072 7 |a 16  |x Logika  |2 Konspekt  |9 5 
072 7 |a 37.016  |x Učební osnovy. Vyučovací předměty. Učebnice  |2 Konspekt  |9 22 
080 |a 162  |2 MRF 
080 |a 316.776  |2 MRF 
080 |a (075)  |2 MRF 
100 1 |a Ketcham, Victor Alvin,  |d 1883-1947  |4 aut 
245 1 4 |a The theory and practice of argumentation and debate /  |c Victor Alvin Ketcham 
264 1 |a [Spojené státy americké?] :  |b Zinc Read,  |c [2025] 
264 4 |c ©2025 
300 |a v, 209 stran :  |b ilustrace ;  |c 22 cm 
336 |a text  |b txt  |2 rdacontent 
337 |a bez média  |b n  |2 rdamedia 
338 |a svazek  |b nc  |2 rdacarrier 
650 0 7 |a argumentace  |7 ph118600  |2 czenas 
650 0 7 |a diskuse  |7 ph136651  |2 czenas 
650 0 9 |a argumentation  |2 eczenas 
650 0 9 |a discussion  |2 eczenas 
655 7 |a učebnice  |7 fd133770  |2 czenas 
655 9 |a textbooks  |2 eczenas 
910 |a ZLD002 
942 |2 udc 
952 |0 0  |1 0  |4 0  |5 0  |6 16KETCHAMVA  |7 0  |8 BOOK  |9 191089  |a UTBZL  |b UTBZL  |c 005  |d 2026-05-11  |l 0  |o 16/KETCHAM,V.A.  |p 420010202054  |r 2026-05-11 10:40:34  |v 290.00  |w 2026-05-11  |x N:nákup  |y 01 
992 |a BK  |b SKNEW 
999 |c 115630  |d 115630